El diablo y la locura y otros ensayos (Record no. 533)

MARC details
000 -LEADER
campo de control de longitud fija 00689nam a2200277 a 4500
003 - IDENTIFICADOR DE NÚMERO DE CONTROL
campo de control AR-BaBNM
005 - FECHA Y HORA DE LA ÚLTIMA TRANSACCIÓN
campo de control 20251128202759.0
008 - DATOS DE LONGITUD FIJA--INFORMACIÓN GENERAL
campo de control de longitud fija 082120s2002 ||||||||||||||000 | spa||
040 ## - FUENTE DE CATALOGACIÓN
Centro/agencia transcriptor AR-BaBNM
100 1# - ENTRADA PRINCIPAL--NOMBRE DE PERSONA
Nombre de persona Rojas, Nerio A.
245 00 - MENCIÓN DEL TÍTULO
Título El diablo y la locura y otros ensayos
260 ## - PUBLICACIÓN, DISTRIBUCIÓN, ETC.
Lugar de publicación, distribución, etc. Buenos Aires
Nombre del editor, distribuidor, etc. El Ateneo
Fecha de publicación, distribución, etc. 1951
300 ## - DESCRIPCIÓN FÍSICA
Extensión 237 p.
650 #4 - PUNTO DE ACCESO ADICIONAL DE MATERIA--TÉRMINO DE MATERIA
Término de materia o nombre geográfico como elemento de entrada LITERATURA ARGENTINA
650 #4 - PUNTO DE ACCESO ADICIONAL DE MATERIA--TÉRMINO DE MATERIA
Término de materia o nombre geográfico como elemento de entrada ESTUDIOS CULTURALES
650 #4 - PUNTO DE ACCESO ADICIONAL DE MATERIA--TÉRMINO DE MATERIA
Término de materia o nombre geográfico como elemento de entrada ENSAYO
650 #4 - PUNTO DE ACCESO ADICIONAL DE MATERIA--TÉRMINO DE MATERIA
Término de materia o nombre geográfico como elemento de entrada CRITICA LITERARIA
650 #4 - PUNTO DE ACCESO ADICIONAL DE MATERIA--TÉRMINO DE MATERIA
Término de materia o nombre geográfico como elemento de entrada PSICOLOGIA
650 #4 - PUNTO DE ACCESO ADICIONAL DE MATERIA--TÉRMINO DE MATERIA
Término de materia o nombre geográfico como elemento de entrada FILOSOFIA
650 #4 - PUNTO DE ACCESO ADICIONAL DE MATERIA--TÉRMINO DE MATERIA
Término de materia o nombre geográfico como elemento de entrada CRIMINOLOGIA
653 ## - TÉRMINO DE INDIZACIÓN--NO CONTROLADO
Término no controlado LITERATURA GAUCHESCA
653 ## - TÉRMINO DE INDIZACIÓN--NO CONTROLADO
Término no controlado LITERATURA DE VIAJES
655 ## - TERMINO DE INDIZACIÓN--GENERO/FORMA
Datos o término principal de género/forma LITERATURA
942 ## - ELEMENTOS DE ENTRADA SECUNDARIOS (KOHA)
Tipo de ítem Koha Libros
998 ## - INFORMACIÓN DE CONTROL LOCAL (RLIN)
Iniciales del catalogador, CIN (RLIN) MARTIN
Holdings
Estatus retirado Estado de pérdida Fuente de la clasificación o esquema de estantería Estado de daño Restricciones de uso No para préstamo Biblioteca de origen Biblioteca actual Fecha de adquisición Total de préstamos Signatura topográfica completa Código de barras Visto por última vez Precio de reemplazo Tipo de ítem Koha
    Clasificación Decimal Dewey   Acceso restringido No para préstamo Liberty Liberty 28/11/2025   860[82]-4 ROJ 056305 28/11/2025 28/11/2025 Libros